LDR 00957naa#a2200169#i#450# 001 RU\\bibl\19753 005 20260603010210.3 100 ## _a20260601b2026####ek#y0rusy0150####ca 102 ## _aRU 200 1# _aСАНИТАРНО-ЗАЩИТНЫЕ ЗОНЫ В УСЛОВИЯХ КОМПЛЕКСНОГО ЗАГРЯЗНЕНИЯ ГОРОДСКОЙ СРЕДЫ: ПРОБЛЕМЫ ЭФФЕКТИВНОСТИ И ПУТИ СИСТЕМНОЙ ОПТИМИЗАЦИИ _eСтатья/тезисы конференции 210 1# _aВоронеж _cВоронежский государственный лесотехнический университет имени Г.Ф. Морозова _d2026 215 ## _a5 с. 608 ## _aСтатья/тезисы конференции _2local 675 ## _aУсловия существования растений. 630.181 _z 700 #1 _aКарташов _gЕ. К. 700 #1 _aКарташова _gНелли Павловна 856 4# _abibl.vgltu.ru _u